00288nam a2200133Ia 4500003000400000005001700004008004100021020001800062040001700080100001800097245002200115260000800137260000900145OSt20240312105831.0170523s9999 xx 000 0 und d a9788120350342 ciimtu meerut aSRINIVASAN- R 0aSERVICE MARKETING bPHI c2004